00850nam a2200217 a 450000100100000000500170001000800410002704000130006808200200008110000350010124501110013626000380024730000270028550000640031265000280037665000310040470000530043504900090048895201180049799900170061500001035720260305073958.0091006s1982 dr a 000 p spa d aDO-SdBNP aRD861.44bG377i1 aGerón, Candido,d1948-9357713aEl invencible de los tiempos /cCandido Gerón ; prólogo Alberto Baeza Flores ; portada Ramón Oviedo. aSanto Domingo :bMalespin,c1982. a83 p. :bil. ;c21 cm. aIncluye datos biográficos del autor en la contracubierta. 0aPoesía dominicana966 0aLiteratura dominicana.9671 aBaeza Flores, Alberto,d1914-1998epról.97565 aBNPD 0010718PDaPDbPDcCTd2009-10-06iLF1l0oRD861.44 G377ip10357-10r2020-06-25w2020-06-25yLFPDZNo se presta c10116d10116